Loading...

Njan Kalpana

Bibliographic Details
Main Author: Kalpana
Format: Printed Book
Published: Thrissur Current Books 2008
Subjects:
LEADER 00619nam a22001931a 4500
020 |a 9788122606980  |c 0.00 
040 |a SSUS - Library - Kalady 
082 |a M803  |b KAL/N 
100 |a Kalpana 
245 |a Njan Kalpana  |h [Text] 
260 |a Thrissur  |b Current Books  |c 2008 
300 |a 200p. 
600 |a Literature 
600 |a Literature Malayalam 
600 |a Memoirs Malayalam 
852 |h M803  |i KAL/N  |p 063114  |9 100.00  |t 0 
942 |c BK 
999 |c 31660  |d 31660 
952 |0 0  |1 0  |4 0  |6 M_803_000000000000000_KAL_N  |7 0  |9 45749  |a SSUS  |b SSUS  |d 2015-01-08  |g 100.00  |l 1  |m 1  |o M803 KAL/N  |p 063114  |r 2017-08-07  |s 2017-07-10  |v 0.00  |w 2015-01-08  |y BK